Jewish holidays : (Registro nro. 9799)
[ vista simple ]
| 000 -LEADER | |
|---|---|
| campo de control de longitud fija | 02189cam a2200493Ma 4500 |
| 003 - IDENTIFICADOR DE NÚMERO DE CONTROL | |
| campo de control | PE-LiUPU |
| 005 - FECHA Y HORA DE LA ÚLTIMA TRANSACCIÓN | |
| campo de control | 20250731172850.0 |
| 008 - DATOS DE LONGITUD FIJA--INFORMACIÓN GENERAL | |
| campo de control de longitud fija | 060810s2006 vtu b 000 0 eng d |
| 020 ## - NÚMERO INTERNACIONAL ESTÁNDAR DEL LIBRO | |
| Número Internacional Estándar del Libro | 1580233023 |
| 020 ## - NÚMERO INTERNACIONAL ESTÁNDAR DEL LIBRO | |
| Número Internacional Estándar del Libro | 9781580233026 |
| 035 ## - NÚMERO DE CONTROL DEL SISTEMA | |
| Número de control de sistema | (Sirsi) i9781580233026 |
| 040 ## - FUENTE DE CATALOGACIÓN | |
| Centro catalogador/agencia de origen | MC2 |
| Lengua de catalogación | spa |
| Centro/agencia transcriptor | MC2 |
| Centro/agencia modificador | OCLCQ |
| -- | OCLCF |
| -- | OCLCO |
| -- | OCLCQ |
| -- | PE-LiUPU |
| 049 ## - FONDOS LOCALES (OCLC) | |
| Biblioteca depositaria | PRUA |
| 082 00 - NÚMERO DE LA CLASIFICACIÓN DECIMAL DEWEY | |
| Número de clasificación | 296.43 |
| Cutter | O44 |
| Número de edición | 22 |
| 100 1# - ENTRADA PRINCIPAL--NOMBRE DE PERSONA | |
| Nombre de persona | Olitzky, Kerry M., |
| Término indicativo de función/relación | autor. |
| 245 10 - MENCIÓN DEL TÍTULO | |
| Título | Jewish holidays : |
| Resto del título | A brief introduction for Christians / |
| Mención de responsabilidad, etc. | Kerry M. Olitzky and Daniel Judson. |
| 264 ## - PRODUCCIÓN, PUBLICACIÓN, DISTRIBUCIÓN, FABRICACIÓN Y COPYRIGHT | |
| Producción, publicación, distribución, fabricación y copyright | Woodstock, VT : |
| Nombre del de productor, editor, distribuidor, fabricante | Jewish Lights Pub., |
| Fecha de producción, publicación, distribución, fabricación o copyright | 2006. |
| 300 ## - DESCRIPCIÓN FÍSICA | |
| Extensión | xv, 150 páginas ; |
| Dimensiones | 22 centímetros. |
| 336 ## - TIPO DE CONTENIDO | |
| Término de tipo de contenido | text |
| Código de tipo de contenido | txt |
| Fuente | rdacontent |
| 337 ## - TIPO DE MEDIO | |
| Nombre/término del tipo de medio | unmediated |
| Código del tipo de medio | n |
| Fuente | rdamedia |
| 338 ## - TIPO DE SOPORTE | |
| Nombre/término del tipo de soporte | volume |
| Código del tipo de soporte | nc |
| Fuente | rdacarrier |
| 504 ## - NOTA DE BIBLIOGRAFÍA, ETC. | |
| Nota de bibliografía, etc. | Bibliografía : páginas 149-150. |
| 505 0# - NOTA DE CONTENIDO CON FORMATO | |
| Nota de contenido con formato | Rosh Hashanah : embracing the new year with awe and self-reflection -- Yom Kippur : atoning for sins and renewing life -- Sukkot : building huts and enjoying the harvest -- Simchat Torah : rejoicing in the Torah -- Hanukkah : lighting candles in the darkness -- Purim : merry-making for a story of redemption -- Pesach/Passover : celebrating the journey from slavery to freedom -- Shavuot : remembering the giving of the Torah -- Tisha B'av and other special days -- A final note to the reader -- Jewish holidays through the year -- Jewish denominations. |
| 526 ## - NOTA DE INFORMACIÓN SOBRE EL PROGRAMA DE ESTUDIO | |
| Nombre del programa | Segunda Especialidad En Profecías Bíblicas |
| 526 ## - NOTA DE INFORMACIÓN SOBRE EL PROGRAMA DE ESTUDIO | |
| Nombre del programa | Segunda Especialidad En Nuevo Testamento |
| 526 ## - NOTA DE INFORMACIÓN SOBRE EL PROGRAMA DE ESTUDIO | |
| Nombre del programa | Segunda Especialidad En Antiguo Testamento |
| 526 ## - NOTA DE INFORMACIÓN SOBRE EL PROGRAMA DE ESTUDIO | |
| Nombre del programa | Segunda Especialidad En Estudios Adventistas |
| 526 ## - NOTA DE INFORMACIÓN SOBRE EL PROGRAMA DE ESTUDIO | |
| Nombre del programa | Doctorado en teología |
| 526 ## - NOTA DE INFORMACIÓN SOBRE EL PROGRAMA DE ESTUDIO | |
| Nombre del programa | Maestría en teología histórica |
| 526 ## - NOTA DE INFORMACIÓN SOBRE EL PROGRAMA DE ESTUDIO | |
| Nombre del programa | Maestría en teología bíblica |
| 526 ## - NOTA DE INFORMACIÓN SOBRE EL PROGRAMA DE ESTUDIO | |
| Nombre del programa | Maestría en teología |
| 526 ## - NOTA DE INFORMACIÓN SOBRE EL PROGRAMA DE ESTUDIO | |
| Nombre del programa | Maestría en misionología |
| 526 ## - NOTA DE INFORMACIÓN SOBRE EL PROGRAMA DE ESTUDIO | |
| Nombre del programa | Maestría en liderazgo eclesiástico |
| 526 ## - NOTA DE INFORMACIÓN SOBRE EL PROGRAMA DE ESTUDIO | |
| Nombre del programa | Teología |
| 596 ## - | |
| -- | 1 |
| 650 #0 - PUNTO DE ACCESO ADICIONAL DE MATERIA--TÉRMINO DE MATERIA | |
| Término de materia o nombre geográfico como elemento de entrada | Ayuno y abstinencia |
| Subdivisión general | Judaismo. |
| 700 1# - ENTRADA AGREGADA--NOMBRE PERSONAL | |
| Nombre de persona | Judson, Daniel, |
| Término indicativo de función/relación | autor. |
| 910 ## - DATOS DE OPCIÓN DEL USUARIO (OCLC) | |
| -- | ck |
| -- | hop |
| -- | hop |
| -- | 20160607 |
| 942 ## - ELEMENTOS DE ENTRADA SECUNDARIOS (KOHA) | |
| Fuente del sistema de clasificación o colocación | Clasificación Decimal Dewey |
| Tipo de ítem Koha | |
| 949 ## - PROCESAMIENTO DE INFORMACIÓN LOCAL (OCLC) | |
| a | 296.43 O44 |
| w | DEWEY |
| c | 1 |
| i | 73257 |
| l | CCODEBUL1 |
| m | BUL |
| p | 5.00 |
| r | 0 |
| s | Y |
| t | BOOK |
| u | 2016-6-7 |
| x | TEOLOGIA |
| -- | P85 |
| 0 | COMPRA |
| o | .STAFF. Posgrado |
| 994 ## - | |
| -- | C0 |
| -- | PEPRU |
| 999 ## - NÚMEROS DE CONTROL DE SISTEMA (KOHA) | |
| -- | DEWEY |
| -- | 73257 |
| -- | 2021-11-11 |
| -- | 5 |
| -- | CCODEBUL1 |
| -- | BUL |
| -- | 5.00 |
| -- | 0 |
| -- | Y |
| -- | BOOK |
| -- | 2016-6-7 |
| -- | TEOLOGIA |
| -- | P85 |
| -- | COMPRA |
| -- | .STAFF. Posgrado |
| 980 ## - EQUIVALENCIA O REFERENCIA-CRUZADA-MENCIÓN DE SERIE--NOMBRE DE PERSONA/TÍTULO [LOCAL, CANADÁ] | |
| ID del último usuario que modificó el registro | 1 |
| Nombre del último usuario que modificó el registro | ALBERTO SANCHEZ Responsable de Automatización |
| Visto por última vez | Número de inventario | Total de préstamos | Signatura topográfica completa | Código de barras | Copia número | Coste, precio de reemplazo | Fecha de reemplazo | Facultad | Tipo de ítem Koha | Nota pública | Estado de pérdida | Fuente del sistema de clasificación o colocación | Restricciones de uso | No para préstamo | Colección | Programa académico | Biblioteca de origen | Biblioteca actual | Ubicación en estantería | Fecha de adquisición | Fuente de adquisición | Coste, precio normal de compra |
|---|---|---|---|---|---|---|---|---|---|---|---|---|---|---|---|---|---|---|---|---|---|---|
| 2025-12-02 | 6 | 296.43 O44 | 73257 | e1 | 10.00 | 2016-06-07 | Libros físicos | inventario-2023-12-13 | No Perdido | Clasificación Decimal Dewey | No restringido | Disponible para préstamos | Colección General | Maestría en teología | Biblioteca CRAI UPeU Lima | Biblioteca CRAI UPeU Lima | Sala principal | 2016-06-07 | COMPRA | 5.00 |